| 000 | 00444nam a2200193Ia 4500 | ||
|---|---|---|---|
| 008 | 170918s9999 xx 000 0 und d | ||
| 020 | _a9780545496841 | ||
| 050 | _bS377 2012 | ||
| 100 | _aSchrefer, Eliot | ||
| 245 | _aEndangered / | ||
| 245 | _cEliot Schrefer. | ||
| 260 | _aNew York : | ||
| 260 | _bScholastic, | ||
| 260 | _c2012 | ||
| 300 | _a264 pages : | ||
| 300 | _bcolored illustration ; | ||
| 300 | _c20cm. | ||
| 500 | _a900 | ||
| 999 |
_c342305 _d342305 |
||